[Event "33rd ECCC Open 2017"]
[Site "Antalya"]
[Date "2017.10.14"]
[Round "7"]
[White "Lodici, Lorenzo"]
[Black "Sadikhov, Ulvi"]
[Result "1/2-1/2"]
[WhiteElo "2407"]
[BlackElo "2487"]
[Annotator "TA"]
[PlyCount "123"]
[EventType "team-tourn"]
[EventCountry "TUR"]
[SourceTitle "playchess.com"]
[Source "ChessBase"]
[SourceQuality "1"]
[WhiteTeam "Augusta Perusia"]
[BlackTeam "Karaman"]

{[%evp 15,123,26,35,21,43,27,41,13,33,33,31,31,28,11,20,16,27,22,33,30,32,12,27,28,25,16,16,17,19,23,23,23,23,23,18,16,36,9,16,24,21,21,27,18,20,11,12,14,12,12,14,0,0,10,0,0,8,8,8,8,8,8,8,8,18,12,32,0,0,0,2,0,9,-1,0,0,42,39,64,8,8,8,8,8,8,8,8,8,8,8,8,0,0,0,0,0,8,8,8,8,8,8,8,8,8,8,8,8,8,8]} 1. d4 Nf6 2. c4 g6 3. Nf3 Bg7 4. g3 d6 5. Bg2 O-O 6. Nc3 c6 7. O-O Bf5 8. Ne1 Be6 9. d5 {E62: King's Indian: Fianchetto: 6...c6 and Panno Variation (6...Nc6) without ...a6} cxd5 10. cxd5 Bd7 11. Be3 {White is slightly better.} Ng4 12. Bd4 Bxd4 13. Qxd4 Qb6 14. Qxb6 axb6 15. Nd3 Na6 {[#]} 16. h3 $146 ({Predecessor:} 16. Rfc1 Rfc8 {½-½ (42) Georgiev,K (2671)-Nyzhnyk,I (2585) Plovdiv 2012}) 16... Nf6 17. e4 Rfc8 18. f4 Rc4 19. e5 Ne8 20. e6 fxe6 21. dxe6 Bc6 22. Nd5 Bxd5 23. Bxd5 Rd4 24. Bxb7 Ra7 25. Bxa6 $1 Rxa6 26. Rfd1 Ng7 27. a3 Nxe6 28. Nb4 Rxd1+ 29. Rxd1 $11 {[%mdl 4096] Endgame KRN-KRN} Ra7 30. Nd5 b5 31. Kf2 Kf7 32. Ke3 Nc5 33. Rd4 Rb7 34. g4 Ke6 35. Nc3 Kd7 36. f5 e5 37. fxe6+ Nxe6 38. Rd2 Kc6 39. Ne4 Rd7 40. Rc2+ Kb7 41. Nf6 Re7 42. Nd5 Re8 43. Nf6 Re7 44. Ke4 Nc7+ 45. Kd4 Rf7 46. Ne4 Rf4 {[#] Strongly threatening ...d5.} 47. Rf2 (47. Ke3 $1 $14 Nd5+ 48. Kd3) 47... Rxf2 {The position is equal.} 48. Nxf2 {KN-KN} Kc6 49. Ne4 Ne6+ 50. Ke3 d5 51. Nf6 d4+ 52. Kd3 Kd6 53. Ke4 Kc5 54. Nxh7 {Hoping for b3.} Kc4 55. h4 $1 d3 56. Ke3 Nf4 57. Kd2 Kb3 58. Nf6 Kxb2 59. h5 gxh5 60. gxh5 Nxh5 61. Nxh5 Kxa3 62. Nf4 {Precision: White = 64%, Black = 72%.} 1/2-1/2

[Event "33rd ECCC Open 2017"]
[Site "Antalya"]
[Date "2017.10.14"]
[Round "7"]
[White "Atakisi, Umut"]
[Black "Pijpers, Arthur"]
[Result "1/2-1/2"]
[WhiteElo "2361"]
[BlackElo "2465"]
[Annotator "TA"]
[PlyCount "61"]
[EventType "team-tourn"]
[EventCountry "TUR"]
[SourceTitle "playchess.com"]
[Source "ChessBase"]
[SourceQuality "1"]
[WhiteTeam "Besiktas"]
[BlackTeam "Leiden"]

{[%evp 22,61,24,25,17,24,21,17,16,12,26,8,12,18,8,16,18,11,12,5,15,0,0,0,13,13,13,7,7,7,6,6,6,6,6,4,13,13,13,3,3,3]} 1. e4 e6 2. d4 d5 3. Nd2 c5 4. Ngf3 Nf6 5. exd5 exd5 6. Bb5+ Bd7 7. Bxd7+ Nbxd7 8. O-O Be7 9. dxc5 Nxc5 10. Nd4 O-O 11. Nf5 Re8 {C08: Französische Verteidigung (Tarrasch-Variante)} 12. Nxe7+ {LiveBook: 9 Partien} Rxe7 (12... Qxe7 13. Nb3 Nce4 14. Be3 Qc7 15. Nd4 Qb6 16. Nb3 Qc7 17. Nd4 Qb6 18. Nb3 Qc6 19. Nd4 {0-1 (58) Petrov,M (2438)-Savchenko,B (2636) Skopje 2017}) 13. Nb3 Ne6 {Weiß hat minimalen Vorteil.} 14. Be3 Qc7 15. Nd4 Rae8 16. c3 $146 (16. Nf5 {is more complex.} Rd7 17. c3 g6 18. Nd4 b6 19. Re1) ({Vorgänger:} 16. Nf5 Rd7 17. c3 g6 18. Nd4 Rde7 19. Nxe6 Rxe6 {1-0 (44) Acedanski,J (2375)-Oprisor,R (2356) ICCF email 2007}) 16... Nxd4 {Die Stellung ist ausgeglichen.} 17. Bxd4 Re2 18. Bxf6 gxf6 19. Qxd5 Rxb2 20. Qd4 Qb6 21. Qxb6 Rxb6 $11 {[%mdl 4096] Endspiel KTT-KTT} 22. Rfb1 Re2 23. Rxb6 axb6 {KT-KT} 24. Kf1 Rc2 25. Rb1 Rxc3 26. Rxb6 Rc1+ 27. Ke2 Rc2+ 28. Kf3 Kg7 29. Rxb7 {zielt auf Ta7 ab.} Rxa2 30. g3 Ra3+ 31. Ke4 {Precision: Weiß = 66%, Schwarz = 55%.} 1/2-1/2

[Event "33rd ECCC Open 2017"]
[Site "Antalya"]
[Date "2017.10.14"]
[Round "7"]
[White "Makolli, Perparim"]
[Black "Delaney, Killian"]
[Result "0-1"]
[WhiteElo "2333"]
[BlackElo "2202"]
[Annotator "NA"]
[PlyCount "88"]
[EventType "team-tourn"]
[EventCountry "TUR"]
[SourceTitle "playchess.com"]
[Source "ChessBase"]
[SourceQuality "1"]
[WhiteTeam "Hasan Pristina"]
[BlackTeam "Gonzaga"]
[TimeControl "40/5400+30:1800+30"]

1. e4 {[%emt 0:01:30]} c6 {[%emt 0:01:00]} 2. d4 {[%emt 0:00:30]} d5 {[%emt 0:00:00]} 3. Nc3 {[%emt 0:00:30]} dxe4 {[%emt 0:00:00]} 4. Nxe4 {[%emt 0:00:00]} Nd7 {[%emt 0:00:30]} 5. Nf3 {[%emt 0:01:00]} Ngf6 {[%emt 0:00:00]} 6. Ng3 {[%emt 0:00:30]} c5 {[%emt 0:00:00]} 7. Bc4 {[%emt 0:01:30]} b5 {[%emt 0:09:30]} 8. Be2 {[%emt 0:03:30]} e6 {[%emt 0:03:30]} 9. O-O {[%emt 0:02:30]} a6 {[%emt 0:00:30]} 10. a4 {[%emt 0:09:30]} bxa4 {[%emt 0:00:00]} 11. c4 {[%emt 0:00:30]} cxd4 {[%emt 0:02:00]} 12. Nxd4 {[%emt 0:02:30]} Bb7 {[%emt 0:00:30]} 13. Qxa4 {[%emt 0:04:30]} Qb6 {[%emt 0:03:30]} 14. Nc2 {[%emt 0:06:30]} Bc6 {[%emt 0:02:30]} 15. Qa5 {[%emt 0:03:30]} Qb7 {[%emt 0:00:00]} 16. f3 {[%emt 0:00:30]} Bc5+ {[%emt 0:08:00]} 17. Kh1 {[%emt 0:00:30]} h5 {[%emt 0:02:30]} 18. Bd3 $17 {[%emt 0:26:30]} (18. b4 $15 Bb6 19. Qg5) 18... h4 {[%emt 0:01:30]} 19. Ne2 {[%emt 0:00:30]} h3 {[%emt 0:00:30]} 20. Ncd4 {[%emt 0:05:30]} hxg2+ {[%emt 0:09:30]} 21. Kxg2 {[%emt 0:00:00]} Bxd4 {[%emt 0:08:30]} 22. Nxd4 {[%emt 0:00:00]} Qb8 {[%emt 0:00:30]} 23. Rh1 {[%emt 0:02:30]} Qd6 {[%emt 0:01:30]} 24. Nxc6 {[%emt 0:07:30]} Qxc6 {[%emt 0:06:30]} 25. Be3 {[%emt 0:05:45]} Rh5 {[%emt 0:00:30]} 26. Qa4 {[%emt 0:02:50]} Qb7 {[%emt 0:01:30]} 27. b4 {[%emt 0:00:31]} Kf8 {[%emt 0:01:30]} 28. Rae1 {[%emt 0:03:12]} Ne5 {[%emt 0:00:30]} 29. Be2 {[%emt 0:01:00]} Neg4 {[%emt 0:00:30]} 30. Bc5+ {[%emt 0:00:30]} Kg8 {[%emt 0:01:30]} 31. h3 {[%emt 0:03:03]} Ne5 {[%emt 0:03:30]} 32. Bd4 {[%emt 0:00:19]} Ng6 {[%emt 0:00:30]} 33. Bxf6 {[%emt 0:01:52]} gxf6 {[%emt 0:00:30]} 34. Kf2 {[%emt 0:00:00]} a5 {[%emt 0:03:30]} 35. Ra1 {[%emt 0:01:22]} Rb8 {[%emt 0:00:30]} 36. bxa5 {[%emt 0:01:48]} Qa7+ {[%emt 0:00:30]} 37. Kf1 {[%emt 0:00:00]} Rb2 {[%emt 0:00:30]} 38. Rg1 {[%emt 0:00:44]} Rxh3 {[%emt 0:01:30]} 39. c5 {[%emt 0:03:12]} Qxc5 {[%emt 0:07:30]} 40. Qe4 {[%emt 0:00:00]} f5 {[%emt 0:01:30]} 41. Rxg6+ {[%emt 0:07:22]} fxg6 {[%emt 0:00:30]} 42. Qxe6+ {[%emt 0:00:30]} Kg7 {[%emt 0:02:30]} 43. Kg2 {[%emt 0:05:30]} Rh5 {[%emt 0:00:30]} 44. Rd1 {[%emt 0:05:29]} Rh2+ {[%emt 0:06:30]} 0-1

[Event "33rd ECCC Open 2017"]
[Site "Antalya"]
[Date "2017.10.14"]
[Round "7"]
[White "Mitkov, Marjan"]
[Black "Huzman, Alexander"]
[Result "0-1"]
[WhiteElo "2332"]
[BlackElo "2549"]
[Annotator "TA"]
[PlyCount "76"]
[EventType "team-tourn"]
[EventCountry "TUR"]
[SourceTitle "playchess.com"]
[Source "ChessBase"]
[SourceQuality "1"]
[WhiteTeam "Asseco See"]
[BlackTeam "Beer Sheva"]

{[%evp 24,76,36,-10,-10,0,67,89,72,54,89,31,37,19,24,0,0,0,0,0,2,0,0,0,0,-153,0,0,0,0,3,7,0,-261,0,0,0,0,14,0,0,-3,0,-10,-14,-64,-63,-317,-319,-404,-424,-408,-376,-370,-351]} 1. d4 Nf6 2. c4 e6 3. Nf3 d5 4. Nc3 c6 5. e3 Nbd7 6. Qc2 Bd6 7. Bd3 O-O 8. O-O dxc4 9. Bxc4 b5 10. Be2 Bb7 11. Rd1 Qc7 12. h3 e5 {D46: Damengambit (Halbslawisch)} 13. a3 {[%cal Ba2a3,Ba3b4][%mdl 32] LiveBook: 3 Partien} a6 (13... Rfe8 14. e4 a6 15. dxe5 Nxe5 16. Nd4 Rad8 17. Nf5 c5 18. Bg5 Be7 19. Nxe7+ Qxe7 {0-1 (29) Bublei,P (2387)-Shirov,A (2630) Sochi 2017}) 14. b4 a5 (14... exd4 $11 15. exd4 a5) 15. Rb1 $14 axb4 16. axb4 Rfe8 17. Bd2 $146 (17. Bb2 $16) ({Vorgänger:} 17. Ng5 exd4 18. exd4 Nb6 19. Bf3 Nbd5 {½-½ (72) Jirovsky,M (2455)-Svatos,J (2226) Czechia 2015}) 17... exd4 18. Nxd4 g6 19. Rdc1 {Und Scxb5! würde nun gewinnen.} Qb6 20. Qb3 Rad8 21. Bf1 Ne5 22. Be1 Bb8 23. Qa2 Bc8 24. f4 $2 {[#]} (24. Be2 $11) 24... Rxd4 $2 (24... Nd3 $1 $17 {[%mdl 512]} 25. Bf2 (25. Bxd3 $2 Rxe3 26. Be2 Rxd4 $19) 25... Nxc1 26. Rxc1 Rd7) 25. exd4 $11 Nd3 $1 26. Bxd3 Qxd4+ 27. Qf2 Qxd3 28. Bd2 $2 {[%mdl 8192] [#]} (28. Rb2 $11 {und Weiss steht sicher.}) 28... Be6 $2 ({Günstiger ist} 28... Bxh3 $1 $19 {[%mdl 512]} 29. Re1 (29. gxh3 $2 Ba7 $19) 29... Be6) 29. Re1 Rd8 $36 {[%mdl 2048] Schwarz hat Initiative.} 30. Qb6 Qd4+ ({Falsch wäre} 30... Qxd2 $2 31. Rbd1 $18) 31. Qxd4 Rxd4 32. Be3 Rc4 33. Rbd1 {Td8+ ist eine echte Drohung.} Bxf4 34. Rd8+ Kg7 {zielt auf ...Lc7 ab.} 35. Bd4 $2 {[%mdl 8192]} ({Besser ist} 35. Bc5 $15) 35... Bc7 $19 36. Rg8+ Kxg8 37. Bxf6 {Falls Weiss jetzt zu Ta1 käme, bestünde noch etwas Hoffnung.} Bb6+ 38. Kh1 Bd4 {Precision: Weiß = 37%, Schwarz = 48%.} 0-1

[Event "33rd ECCC Open 2017"]
[Site "Antalya"]
[Date "2017.10.14"]
[Round "7"]
[White "Germanavicius, Sarunas"]
[Black "Wagner, Dennis"]
[Result "1/2-1/2"]
[WhiteElo "2326"]
[BlackElo "2564"]
[Annotator "TA"]
[PlyCount "194"]
[EventType "team-tourn"]
[EventCountry "TUR"]
[SourceTitle "playchess.com"]
[Source "ChessBase"]
[SourceQuality "1"]
[WhiteTeam "MAKABI"]
[BlackTeam "Nice Alekhine"]

{[%evp 26,194,0,0,0,0,0,0,0,0,13,0,18,20,13,5,14,0,8,0,7,10,9,0,0,0,0,0,6,0,0,-7,0,-4,0,0,0,-4,0,-8,0,-9,-7,-8,0,0,0,0,0,0,0,-56,-56,-56,-56,-56,-56,-56,-56,-56,-56,-56,-56,-56,-56,-56,0,-56,-56,-56,-56,-56,-56,-56,-56,-56,0,0,0,0,0,0,0,0,0,0,0,0,0,0,0,0,0,0,0,-5401,0,0,0,0,0,0,0,0,0,0,0,0,0,0,0,0,0,0,0,0,0,0,0,0,0,0,0,0,0,0,0,0,0,0,0,0,0,0,0,0,0,0,0,0,0,0,0,0,0,0,0,0,0,0,0,0,0,0,0,0,0,0,0,0,0,0,0,0,0,0,0,0,0,0,0]} 1. Nf3 d5 2. g3 Nd7 3. c4 dxc4 4. Qa4 a6 5. Qxc4 b5 6. Qc2 Bb7 7. Bg2 e6 8. O-O Ngf6 9. a4 c5 10. axb5 axb5 11. Rxa8 Qxa8 12. Na3 Qa6 {A13: Reti-Eröffnung} 13. d3 Be7 14. Qb3 {LiveBook: 7 Partien} Bc6 15. Nh4 {[#]} b4 $146 ({Vorgänger:} 15... Nd5 16. Nf5 Bf8 17. Bxd5 exd5 18. e4 Qa4 19. Qxa4 bxa4 20. exd5 Bxd5 {1-0 (61) Djachkov,S (2387)-Yakovich,Y (2565) Sochi 2005}) 16. Bxc6 Qxc6 17. Nc4 O-O 18. Bg5 Nd5 19. Bxe7 Nxe7 20. Ra1 Ra8 21. Ra2 (21. Qd1 {seems wilder.} Nc8 22. Ng2 Ncb6 23. Nge3 f6 24. Na5) 21... Ra6 22. Nf3 Qa8 23. Rxa6 Qxa6 24. Nfe5 Nxe5 25. Nxe5 f6 26. Nf3 Kf7 27. Kg2 Qd6 28. Qc4 Qd5 29. Kg1 Qxc4 (29... h6 {keeps more tension.} 30. Nd2 Qe5 31. Ne4 Qxb2 32. Nd6+ Kg6) 30. dxc4 $11 {[%mdl 4096] Endspiel KS-KS} Nc6 31. Nd2 Na5 32. e3 f5 33. h4 Kf6 34. Kf1 h6 35. Ke2 g5 36. hxg5+ hxg5 37. f4 e5 {[%cal Be6e5,Be5e4][%mdl 32]} 38. Kf3 (38. fxg5+ $11 Kxg5 39. e4) 38... e4+ $15 39. Kg2 Kg6 40. Kh2 Kh5 41. Kh3 Nb7 42. Nb3 Nd6 {[#] Und weiter mit ...gxf4 wäre nett.} 43. Nd2 Kg6 44. Kg2 Kh6 45. Kh2 Kh5 46. Kh3 $1 Nc8 47. b3 Ne7 48. Nf1 Nc6 49. Nd2 Na5 50. Kh2 gxf4 ({Besser ist} 50... Kg6 $15) 51. gxf4 $11 Kh4 52. Kg2 Kg4 53. Kh2 $1 Nc6 54. Kg2 Ne7 55. Nf1 $1 Ng8 56. Nh2+ Kh4 57. Nf1 $1 Nf6 58. Ng3 Kg4 59. Nf1 Nh5 60. Nh2+ Kh4 {[#] Und ...Sg3 würde nun gewinnen.} 61. Nf1 $1 {Die Stellung ist ausgeglichen.} Ng7 62. Ng3 Kg4 63. Nf1 Ne6 (63... Nh5 $5 {[%cal Rg4h4]}) 64. Nh2+ Kh4 65. Nf1 Nd8 66. Ng3 Kg4 67. Nf1 $1 Nb7 68. Nh2+ Kh5 69. Nf1 Na5 70. Nd2 Kg4 (70... Kh4 {with more complications.} 71. Kh2 Kg4 72. Kg2 Nb7 73. Nf1 Nd6) 71. Kh2 $1 Nb7 72. Kg2 Nd6 73. Nf1 Ne8 74. Nh2+ Kh4 75. Nf1 Nf6 76. Ng3 Kg4 77. Nf1 $1 Ng8 78. Nh2+ Kh4 {...Sh6 ist eine echte Drohung.} 79. Nf1 $1 Nh6 80. Ng3 Kg4 81. Nf1 Kh5 {Droht stark ...Kg4.} 82. Kh3 Kg6 83. Ng3 Ng8 84. Kg2 $1 Nf6 85. Kf2 Ng4+ 86. Ke2 Nh2 87. Ke1 Nf3+ 88. Ke2 Kf6 89. Nh5+ Kf7 90. Ng3 Kg6 91. Kd1 Nh2 92. Ke1 Ng4 93. Ke2 Kf6 94. Kd2 Nf2 95. Ke2 Nd3 96. Kd2 Kg6 97. Kd1 Kf6 {Precision: Weiß = 82%, Schwarz = 76%.} 1/2-1/2

[Event "33rd ECCC Open 2017"]
[Site "Antalya"]
[Date "2017.10.14"]
[Round "7"]
[White "Naoum, Spyridon"]
[Black "Sepp, Olav"]
[Result "1-0"]
[WhiteElo "2295"]
[BlackElo "2433"]
[Annotator "TA"]
[PlyCount "71"]
[EventType "team-tourn"]
[EventCountry "TUR"]
[SourceTitle "playchess.com"]
[Source "ChessBase"]
[SourceQuality "1"]
[WhiteTeam "Chania"]
[BlackTeam "Etela-Vantaan"]

{[%evp 25,71,74,75,70,74,81,96,81,94,97,142,124,151,149,144,129,131,124,129,125,129,131,131,142,137,131,185,184,189,177,184,172,203,186,184,159,349,218,368,158,358,220,839,241,320,-22,383,222]} 1. d4 Nf6 2. c4 g6 3. Nc3 Bg7 4. e4 d6 5. Be2 O-O 6. Bg5 Nbd7 7. Qd2 c5 8. d5 b5 9. cxb5 a6 10. Nf3 axb5 11. Bxb5 Ba6 12. Bxa6 Rxa6 13. O-O Qa5 14. h3 {E74: King's Indian: Averbakh Variation: 6...c5} Rb8 15. Rab1 Rab6 16. b3 {White is better.} (16. Rfc1 h6 17. Be3 Kh7 18. b3 Ne8 19. Na4 Qxd2 20. Nxd2 Ra6 21. Nc4 Ne5 22. Nxe5 Bxe5 {1-0 (63) Fier,A (2592)-Hebden,M (2523) Hastings 2015}) 16... Qb4 $146 ({Predecessor:} 16... h6 17. Be3 Kh7 18. Qc2 Ne8 19. Na4 R6b7 20. Nd2 Qa6 21. Nc4 Ne5 22. Nxe5 Bxe5 {1-0 (35) Santos,A (2083)-Santos,H (2244) Santo Tirso/Lisbon 2014}) 17. Qd3 Rc8 18. Nd2 Ne5 {[#]} 19. Qc2 $1 Rbb8 20. Rfc1 {[%cal Bf1c1,Bc1c2,Bc2d2][%mdl 32]} Qd4 21. a4 Qd3 (21... Nd3 $2 22. Nf3 $18) 22. Nb5 Qxc2 23. Rxc2 h6 24. Bxf6 Bxf6 25. Nc4 Nd3 (25... Nxc4 $16 26. Rxc4 (26. bxc4 Ra8 $14) 26... Ra8) 26. Rd2 $18 Nb4 27. f4 Rd8 28. g3 h5 29. Rbd1 Bg7 30. e5 Rbc8 $2 {[#]} (30... dxe5 $16 {was necessary.} 31. Nxe5 Rb6) 31. Kg2 Kf8 (31... Rb8 $142 32. exd6 exd6 33. Ncxd6 Bd4) 32. Kf3 (32. exd6 $18 {and the rest is easy. Threatens to win with Rc1.} exd6 33. Ncxd6) 32... h4 $2 (32... dxe5 $16 33. Nxe5 (33. fxe5 Bh6 $16) 33... Bxe5) 33. gxh4 Bf6 $2 (33... dxe5 34. Nxe5 (34. fxe5 Bh6 $16) 34... Ra8) 34. Ke4 $2 (34. exf6 exf6 35. Ncxd6) 34... Bxh4 35. Nbxd6 $2 (35. exd6 $18 exd6 36. Ncxd6) 35... Rc7 $2 {[%mdl 8192]} (35... exd6 $11 36. Nxd6 Rxd6 37. exd6 Ke8) 36. Nxf7 {Precision: White = 60%, Black = 20%.} (36. Nb5 $142 Rcd7 37. d6 exd6 38. exd6) 1-0

[Event "33rd ECCC Open 2017"]
[Site "Antalya"]
[Date "2017.10.14"]
[Round "7"]
[White "Andonovski, Ljubisa"]
[Black "Greenfeld, Alon"]
[Result "1/2-1/2"]
[WhiteElo "2286"]
[BlackElo "2509"]
[Annotator "TA"]
[PlyCount "66"]
[EventType "team-tourn"]
[EventCountry "TUR"]
[SourceTitle "playchess.com"]
[Source "ChessBase"]
[SourceQuality "1"]
[WhiteTeam "Asseco See"]
[BlackTeam "Beer Sheva"]

{[%evp 25,66,15,13,0,5,0,31,-4,0,0,0,0,-9,-48,-57,-63,-57,-54,0,0,0,0,50,44,39,39,46,46,47,43,133,0,139,107,154,119,167,111,212,91,79,0,0]} 1. d4 Nf6 2. Nf3 d5 3. c4 e6 4. Nc3 Bb4 5. cxd5 exd5 6. Bg5 Nbd7 7. e3 c5 8. Qc2 Qa5 9. Bd3 c4 10. Bf5 O-O 11. O-O Re8 12. Nd2 g6 13. Bxd7 Nxd7 14. h4 {D38: Queen's Gambit Declined: Ragozin Defence (4 Nf3 Bb4)} f6 15. Bf4 Nb6 (15... Bxc3 $5 16. Qxc3 (16. bxc3 Nb6 $11) 16... Qxc3 17. bxc3 Nb6 $11) 16. f3 {White is slightly better.} (16. Nb3 $5 Qa6 17. Nc5 $11) 16... Bxc3 17. bxc3 Qa4 18. Qb2 Bf5 {[#]} 19. Rac1 $146 ({Predecessor:} 19. Rfe1 Qc6 20. Qa3 Bd3 21. Qxa7 {½-½ (21) Malakhatko,V (2569)-Aleksandrov,A (2639) Kolkata 2009}) 19... Bd3 20. Rfe1 Re6 21. Nf1 Kf7 (21... Qd7 $15) 22. Ng3 $11 Rae8 23. Nh1 h6 24. Bxh6 Rh8 25. Bf4 Rxh4 26. Nf2 Rh8 27. Qd2 Qa6 (27... Rhe8 $14) 28. Rcd1 (28. e4 $16) 28... Rc8 (28... g5 $11 29. Bg3 Rhe8) 29. e4 Rce8 {[%cal Rd5e4]} 30. Bc7 {Strongly threatening Qh6.} g5 {[%cal Rd5e4] [#]} 31. Bxb6 ({Resist} 31. Nxd3 $6 cxd3 32. Bxb6 (32. Qxd3 Qxd3 33. Rxd3 Nc4 $11) 32... axb6 $14) (31. e5 $1 $18) 31... axb6 {[#]} (31... Qxb6 $16 {might work better.} 32. Nxd3 cxd3) 32. Nxd3 ({Not} 32. exd5 Re2 $15) (32. e5 $1 $18) 32... cxd3 $16 33. Qxd3 (33. exd5 $16 Re2 34. Rxe2 Rxe2 35. Qxd3 Re1+ 36. Kh2 Rxd1 37. Qxd1 Qxa2 38. Qd3 Qxd5 39. c4 Qd6+ 40. g3) 33... Qxd3 {Precision: White = 38%, Black = 37%.} 1/2-1/2

[Event "33rd ECCC Open 2017"]
[Site "Antalya"]
[Date "2017.10.14"]
[Round "7"]
[White "Burcu, Cagatay"]
[Black "Schoppen, Casper"]
[Result "0-1"]
[WhiteElo "2283"]
[BlackElo "2440"]
[Annotator "TA"]
[PlyCount "98"]
[EventType "team-tourn"]
[EventCountry "TUR"]
[SourceTitle "playchess.com"]
[Source "ChessBase"]
[SourceQuality "1"]
[WhiteTeam "Besiktas"]
[BlackTeam "Leiden"]

{[%evp 18,98,1,0,18,0,14,15,48,66,67,17,14,0,0,-2,-10,-43,-32,-16,-13,-92,-95,-92,-92,-98,-103,-85,-98,-109,-87,-96,-95,-93,-79,-72,-76,-92,-75,-100,-89,-97,-61,-184,-175,-168,-148,-253,-220,-348,-214,-246,-213,-379,-337,-387,-348,-29972,-29971,-29978,-29981,-29985,-29986,-29986,-29987,-29987,-29988,-29988,-29989,-29989,-29987,-29987,-29988,-29989,-29990,-29990,-29991,-29991,-29991,-29992,-29993,-29994,-29994]} 1. d4 Nf6 2. Nf3 e6 3. c4 b6 4. g3 Bb4+ 5. Bd2 Be7 6. Bg2 c6 7. O-O d5 {E15: Queen's Indian: 4 g3 sidelines, 4 g3 Ba6 and 4 g3 Bb7 early deviations} 8. b3 (8. Qc2 Nbd7 9. Rd1 Bb7 10. Bf4 Rc8 11. Nc3 dxc4 12. Nd2 Nd5 13. Nxc4 Nxf4 14. gxf4 O-O 15. Rac1 Nf6 16. e3 {½-½ (16) Yilmaz,M (2630)-Ponomariov,R (2712) Minsk 2017}) 8... O-O 9. Bc3 Bb7 10. Nbd2 {LiveBook: 6 Games} Na6 11. Qc2 Rc8 12. e4 c5 {[%cal Rd5e4]} 13. exd5 exd5 14. dxc5 Nxc5 15. Nd4 $146 ({Predecessor:} 15. Rad1 Ne6 {½-½ (15) Dankhazi,A (2114)-Juhasz,A (2217) Balatonlelle 2012}) 15... dxc4 16. Bxb7 cxb3 17. Qb2 Nxb7 18. Nf5 $1 Nc5 19. Rfe1 {[#]} (19. Rae1 $11 {keeps the balance.} Ne6 20. axb3) 19... Re8 $1 $17 20. Rxe7 Rxe7 21. Bxf6 gxf6 22. Nxe7+ Qxe7 23. axb3 Rd8 24. Nf3 Nd3 25. Qd2 Ne5 26. Qf4 a5 27. h4 Qe6 28. Nxe5 Qxe5 {[%mdl 4096] Endgame KQR-KQR} 29. Qg4+ Kh8 30. Rd1 (30. Rc1 $15) 30... Rxd1+ $19 31. Qxd1 {KQ-KQ} Qe6 32. Qf3 (32. Qd3 $17) 32... Kg7 33. Kh2 (33. Qh5 $142) 33... h6 {[%cal Bh7h6,Bh6h5][%mdl 32]} 34. Qd3 Qe5 35. Qc4 $2 (35. Qf3 {keeps fighting.}) 35... h5 36. Qa6 Qb2 37. Qxb6 $2 {[#]} (37. Qd3 $19 Qxf2+ 38. Kh1) 37... a4 $1 {[%cal Ra4a3][%mdl 512] Black mates.} 38. Qc5 (38. bxa4 Qxb6) 38... axb3 39. Qxh5 Qxf2+ 40. Kh3 Qf1+ 41. Kh2 b2 42. Qg4+ Kh6 43. Qg8 Qe2+ 44. Kh3 {[#]} Qe6+ $1 45. g4 b1=Q 46. Qh8+ Qh7 47. Qf8+ Qg7 48. Qb4 Qe3+ 49. Kg2 Qg6 {Precision: White = 36%, Black = 75%.} 0-1

[Event "33rd ECCC Open 2017"]
[Site "Antalya"]
[Date "2017.10.14"]
[Round "7"]
[White "Vea, Odin Blikra"]
[Black "Czebe, Attila"]
[Result "0-1"]
[WhiteElo "2211"]
[BlackElo "2467"]
[Annotator "TA"]
[PlyCount "55"]
[EventType "team-tourn"]
[EventCountry "TUR"]
[SourceTitle "playchess.com"]
[Source "ChessBase"]
[SourceQuality "1"]
[WhiteTeam "Valerenga"]
[BlackTeam "Dunajska Streda"]

{[%evp 10,55,68,47,50,42,75,61,77,20,62,75,86,50,29,51,70,18,27,13,76,80,91,86,86,48,62,51,46,70,66,0,0,-12,0,-28,36,-164,-138,-162,-158,-141,-130,-147,-127,-173,-171,-29999]} 1. e4 g6 2. d4 d6 3. Nc3 c6 4. Be3 Nf6 5. f3 Nbd7 6. g4 b5 {B07: Pirc Defence: Miscellaneous Systems} 7. h4 Nb6 8. a3 (8. h5 Bg7 9. Qd2 Rg8 10. Bd3 Qc7 11. Nce2 Nfd7 12. hxg6 hxg6 13. Nh3 e5 14. c3 {½-½ (31) Kozionov,K (2391)-Ibragimov,I (2548) Moscow 2015}) 8... Bb7 {White is slightly better.} 9. d5 $146 (9. h5 $16) ({Predecessor:} 9. b3 h5 10. g5 Nfd7 11. f4 Bg7 12. Nf3 a5 13. Bd3 b4 14. axb4 axb4 15. Rxa8 Qxa8 {0-1 (38) Maigua,J (1746)-Klaver,C (2090) Dar es Salaam 2015}) 9... a6 {[%cal Rc6d5]} 10. dxc6 Bxc6 11. Qd4 Rb8 12. h5 Rg8 13. hxg6 (13. O-O-O $14) 13... hxg6 $11 14. O-O-O e5 (14... Bg7 $11) 15. Qd2 $16 Be7 16. Nh3 Qc7 17. g5 Nh5 $1 18. Rg1 Nc4 19. Bxc4 $1 bxc4 20. Nd5 (20. Kb1 $14) 20... Bxd5 $1 $11 (20... Qb7 21. Qc3 $14) 21. Qxd5 Rf8 22. f4 Qc8 ({Of course not} 22... Nxf4 $6 23. Nxf4 exf4 24. Bxf4 $16) ({Black should play} 22... Rb5 $11 23. Qd2 Qb7) 23. Nf2 $2 (23. fxe5 $14 Rb5 24. Qd4 dxe5 25. Qa7) 23... Rb5 $36 {[%mdl 2048] Keeping White busy.} (23... exf4 24. Bd2 $17) 24. Qd2 {[#]} c3 $1 {[%cal Rc3d2]} ({Don't do} 24... exf4 25. Bd4 $17) 25. Qxc3 Qxc3 26. bxc3 exf4 27. Bd2 d5 ({Weaker is} 27... Bxg5 28. c4 $11) 28. exd5 $2 {Precision: White = 42%, Black = 59%.} (28. Rde1 $19 Bxa3+ 29. Kd1) 0-1